Miejscowości w PCD - Statystyki

Ogólne statystyki
  • Ten quiz został rozwiązany 60 razy
    13 od ostatniego zresetowania
  • Średni wynik to 15 z 18
Statystyki odpowiedzi
informacja miejscowość % Poprawnych
Zdanie prawa jazdy Darłowo
100%
Pierwsze miasto Sławno
100%
Bar pod dzikiem Bobrowice
90%
Był tam event halloweenowy w 2024 Grzybno
90%
Zajazd Skalny Karwice
90%
Jest tam Ulenberg Malechówko
90%
Jest tam zadanie z duchem Stary Jarosław
90%
Jest tam jeden dom Darłowiec
80%
Jest tam zadanie z Maciusiem Krupy
80%
Był tam event zimowy Malechowo
80%
Jest tam 3 domy Pątnowo
80%
Kamera na przejeździe Sęczkowo
80%
Jeden ze sklepów ABC Bobrowiczki
70%
Przebudowano z pojawieniem się DW 205 Domasławice
70%
Nowe miejsce dla tirów (dodane chyba w 2024) Rusko
70%
Jest tam 1 z kościołów Słowino
70%
Nie duża miejscowość oddalono od DK 6 o 3,74 km (w linii prostej) Smardzewo
70%
Fotoradar do 90 km/h Rzyszczewo
60%
Nie znaleziono quizów pasujących do podanych kryteriów
Rozkład punktacji
Procent ludzi z każdym wynikiem
Percentyl według liczby udzielonych odpowiedzi
Twoja historia wyników
Nie rozwiązałeś tego quizu od ostatniego zresetowania